000 01233naa a22003017a 4500
001 BR8501022
003 BR-BrBNA
005 20240918175536.0
007 ta
008 230509b bl.||||| |||| 00| 0 por d
040 _aBR-BrBNA
_bpor
_cBiblioteca Nacional de Agricultura
041 _a(Pt)
072 _aQ10
_b1235
090 _aQ10 BR8501022
100 1 _aAndersen, O.
111 1 _a7. Congresso Brasileiro de Fruticultura
_cFlorianopolis, SC (Brazil)
_d26-30 Sep 1983
245 1 _aBeneficiamento de noz macadamia, nova solucao para a quebra das nozes [Macadamia integrifolia]
246 1 _aProcessing of Macadamia, a new way to crack the nuts [Macadamia integrifolia]
246 1 _a[Proceedings of the 7. Brazilian Congress on Fruit Crops]
260 3 _aFlorianopolis, SC (Brasil):
_c1984.
500 _aAnais do 7. Congresso Brasileiro de Fruticultura Florianopolis, SC (Brasil): 1984. v. 4 p. 1025-1028 (BR8501022-AM)Q10
650 _aMACADAMIA
650 _aBENEFICIAMENTO
650 _aTECNOLOGIA DE ALIMENTO
773 0 _tAnais do 7. Congresso Brasileiro de Fruticultura
_wQ10 BR8501022
_gFlorianopolis, SC (Brasil), 1984. v. 4 p. 1025-1028
909 _a202404
_bLucia
_c55
_dLucia Elande
942 _cAM
_2AGRIS
999 _c317187
_d317187